| 000 | 01311nam a2200325 i 4500 | ||
|---|---|---|---|
| 001 | bg | ||
| 003 | KOSZ 005 | ||
| 005 | 20211102085450.0 | ||
| 008 | 081404s1964 pl a f 001 0 pol | ||
| 015 | _aPB 1965/1089 | ||
| 040 |
_aWA N _cKOSZ 005/RW _dKOSZ 005/RW |
||
| 041 | 1 |
_apol _hger |
|
| 080 | _a53:54:621.3 | ||
| 100 | 1 |
_aAngerer, Ernst von _d(1881-1951). |
|
| 245 | 1 | 0 |
_aTechnika eksperymentu fizycznego / _cE. v. Angerer ; [wyd.] H. Ebert [et al. ; z niem. tł. Tadeusz Grabowski, Andrzej Marcinkowski, Jerzy Rogaczewski]. |
| 246 | 1 |
_iTyt. oryg.: _aTechnische Kunstgriffe bei physikalischen Untersuchungen. |
|
| 260 |
_aWarszawa : _bPaństwowe Wydawnictwo Naukowe, _c1964. |
||
| 300 |
_a441, [2] s. : _bil. ; _c23 cm. |
||
| 380 | _aKsiążki. | ||
| 504 | _aBibliogr. s. 377-[423]. Indeks. | ||
| 650 | 4 | _aElektrotechnika | |
| 650 | 4 | _aFizyka doświadczalna | |
| 700 | 1 |
_aEbert, Herman _d(1896-1983). _eOprac. |
|
| 700 | 1 |
_aGrabowski, Tadeusz _d(1927-2008). _eTł. |
|
| 700 | 1 |
_aMarcinkowski, Andrzej _c(fizyk). _eTł. |
|
| 700 | 1 |
_aRogaczewski, Jerzy _eTłumaczenie |
|
| 710 | 2 |
_aPaństwowe Wydawnictwo Naukowe _4pbl. |
|
| 856 |
_uhttp://koha.tu.koszalin.pl/cgi-bin/koha/opac-detail.pl?biblionumber=10690 _yKatalog online BPK |
||
| 942 |
_2UKD _cKS |
||
| 999 |
_c10690 _d10690 |
||